00772nam a2200205 i 4500001000700000003000900007005001700016008004100033080001400074100002500088245013500113250002800248260004200276300004200318490004000360650003500400700002600435830004000461852006500501171087ES-MaACL20230906214533.0090427q1832 fr |||| | fre d a782.089.61 aHérold, Ferdinand.13aLe pré aux clercs [hMúsica impresa] b: opéra-comique en trois actes / cparoles de E. de Planard ; musique de F. Hérold. aPetite éd. populaire. aParis : bL. Grus & Cie, c[ca. 1832] a1 partitura vocal (150 p.) ; c19 cm.1 aPetites partitions populaires ; v6 4aÓperas-xPartituras vocales.1 aPlanard, Eugène de.1 aPetites partitions populaires ; v64 aES-MaACLjE-12615 z- Biblioteca Jacinto Martínez Lacalle